00873nam a2200157 4500001000500000005001700005020001800022100001800040245003600058260004600094300002400140440002200164505014800186520035600334650002500690624820181127181247.000a978184451743500aEyres, Kevin.00aCeltic Myth /bcKevin Eyres.h00aLondon :b Flame Tree Publishing, c2007.00a384 pages ; 17 cm . aEndless path.nv aTara to Camelot: Celtic place and people -- A sprawling collection: Gods, goddesses, heroes -- Battles, voyages and romance: the myths.grt aThe ancient Celtic world included Ireland, Wales and parts of Britain, Gaul and Spain, and was united by Celtic language and religion. This book introduces the reader to the fascinating world of Celtic mythology. It teaches about the Celts' myths and beliefs in the context of their native landscape, the pantheon of deities worshipped, and more.00aMythology, Celtic.x